Introductory Guide to Cardiac Catheterization (Record no. 246478)
[ view plain ]
| 000 -LEADER | |
|---|---|
| fixed length control field | 00467nam a2200181Ia 4500 |
| 008 - FIXED-LENGTH DATA ELEMENTS--GENERAL INFORMATION | |
| fixed length control field | 240913s9999||||xx |||||||||||||| ||und|| |
| 082 ## - DEWEY DECIMAL CLASSIFICATION NUMBER | |
| -- | 616.120754 Q2 |
| 100 ## - MAIN ENTRY--PERSONAL NAME | |
| Personal name | Askari,Arman T |
| 245 #0 - TITLE STATEMENT | |
| Title | Introductory Guide to Cardiac Catheterization |
| 250 ## - EDITION STATEMENT | |
| Edition statement | 2nd |
| 260 ## - PUBLICATION, DISTRIBUTION, ETC. (IMPRINT) | |
| Date of publication, distribution, etc | 2012 |
| Name of publisher, distributor, etc | Wolters K |
| 500 ## - GENERAL NOTE | |
| General note | REFERENCE |
| 650 ## - SUBJECT ADDED ENTRY--TOPICAL TERM | |
| Topical term or geographic name as entry element | Cardiac Care Technology |
| 942 ## - ADDED ENTRY ELEMENTS (KOHA) | |
| Item type | Reference |
| Withdrawn status | Lost status | Damaged status | Permanent location | Current location | Shelving location | Date acquired | Source of acquisition | Full call number | Barcode | Date last seen | Koha item type |
|---|---|---|---|---|---|---|---|---|---|---|---|
| CENTRAL LIBRARY, NOORUL ISLAM CENTRE FOR HIGHER EDUCATION | CENTRAL LIBRARY, NOORUL ISLAM CENTRE FOR HIGHER EDUCATION | 02/07/2018 | Edumart, Thiruvananthapuram | 616.120754 Q2 | 77285 | 09/13/2024 | Reference |
